| 000 | 01266nam a22002297a 4500 | ||
|---|---|---|---|
| 001 | 6558 | ||
| 003 | FISKH | ||
| 005 | 20250509142622.0 | ||
| 008 | 250509b cb ||||| |||| 00| 0 eng d | ||
| 040 |
_aFISKH _bkhr _cFISKH _dFISKH |
||
| 082 | _a540 | ||
| 100 | _aSokeng, Cheng | ||
| 245 |
_aសៀវភៅកំណែ គីមីវិទ្យា ថ្នាក់ទី១២ / _cរៀបរៀងដោយ ចេង សុខអេង |
||
| 260 | _c២០១៦ . | ||
| 300 |
_a134 pages : _billustrations ; _c20 cm . |
||
| 520 | _aសៀវភៅគីមីវិទ្យា ថ្នាក់ទី១២ ដែលរៀបរៀងដោយលោក ចេង សុខអេង គឺជាឯកសារដែលមានគោលបំណងជួយសិស្សថ្នាក់ទី១២ក្នុងការសិក្សា និងត្រៀមប្រឡងមុខវិជ្ជាគីមីវិទ្យា។ | ||
| 520 | _aThe Grade 12 Chemistry book compiled by Mr. Cheng Sok Eng is a resource designed to help Grade 12 students study and prepare for exams in the subject of chemistry. | ||
| 650 | _aគីមីវិទ្យា | ||
| 650 | _aChemistry | ||
| 942 |
_2ddc _cKHB _n0 |
||
| 999 |
_c6558 _d6558 |
||